000 00402nam a22001697a 4500
003 MPLRDC
005 20220104143620.0
008 210129b ||||| |||| 00| 0 eng d
020 _a962-993-266-0
082 _a857.9 WDL-2 v.3
100 _a王度庐
245 _a卧虎藏龙. 下
_c
260 _a
_b天地图书
_c2000
300 _b
650 _a武侠小说
942 _cBK
_o857.9 WDL-2 v.3
999 _c41647
_d41637